| 000 | 00851nam a2200265#a 4500 | ||
|---|---|---|---|
| 001 | 01300 | ||
| 003 | HDC | ||
| 007 | ta | ||
| 008 | 230623s2007 xx 000 0 eng d | ||
| 040 | _aHDC | ||
| 050 |
_afmm HD969 _b.F66 2007 |
||
| 245 | 0 |
_aFMM-Matrade industry directory : _belectrical & electronics 2007/08 |
|
| 250 | _a3rd ed. | ||
| 264 |
_aKuala Lumpur : _bFederation Of Malaysia Manufactures:, _c2007. |
||
| 300 |
_a303p. : _b ill. ; _c 30cm. |
||
| 650 |
_aBusiness enterprises _zMalaysia _vDirectories. |
||
| 650 |
_aElectric apparatus and appliances _zMalaysia _vDirectories. |
||
| 650 |
_aElectronic industries _zMalaysia _vDirectories. |
||
| 710 | _aFederation of Malaysian Manufacturers. | ||
| 710 | _aMalaysia External Trade Development Corporation. | ||
| 942 | _2lcc | ||
| 942 | _cBK | ||
| 942 | _kfmm HD969 | ||
| 942 | _m.F66 2007 | ||
| 999 |
_c22866 _d22866 |
||